| 000 | 00633nam a22002417a 4500 | ||
|---|---|---|---|
| 003 | OSt | ||
| 005 | 20180116183004.0 | ||
| 008 | 150805b xxu||||| |||| 00| 0 eng d | ||
| 020 | _a9788131765548 | ||
| 022 | _a9788131765548 | ||
| 040 | _c0 | ||
| 050 | _a658.452 | ||
| 082 | _a658.452 | ||
| 100 | _aWeissman,Jerry. | ||
| 245 |
_aPresentations in Action. _b80 Memorable Presentation Lessons from the Masters. _cJerry Weissman. |
||
| 250 | _a1st. | ||
| 260 |
_aNew Delhi _bPEARSON _c2012. |
||
| 300 | _a188p. | ||
| 500 | _aHard Cover | ||
| 600 | _aWeissman,Jerry. | ||
| 700 | _aWeissman,Jerry. | ||
| 942 |
_2ddc _cBK _k658.452 |
||
| 999 |
_c349990 _d349990 |
||